Countries with Freedom of Speech - Statistics

General Stats
  • This quiz has been taken 31 times
  • The average score is 4 of 10
Answer Stats
Hint Answer % Correct
1 United States
92%
7 Finland
63%
2 Denmark
58%
3 New Zealand
50%
4 Ireland
46%
6 Switzerland
38%
8 Czech Republic
13%
5 Chile
8%
10 Jamaica
8%
9 Costa Rica
4%
No matching quizzes found
Score Distribution
Percent of People with Each Score
Percentile by Number Answered
Your Score History
You have not taken this quiz